| 000 | 00721nam a2200241Ia 4500 | ||
|---|---|---|---|
| 003 | OSt | ||
| 005 | 20220918175738.0 | ||
| 006 | a|||||r|||| 00| 0 | ||
| 007 | ta | ||
| 008 | 220917b |||||||| |||| 00| 0 eng d | ||
| 024 | _a18,741 | ||
| 037 | _cTextual | ||
| 040 |
_aARTS _cARTS _beng |
||
| 041 |
_2eng _aeng |
||
| 082 | _aO111,2J64,14:g, K8.2-;1 | ||
| 100 |
_aYoung David P. _954790 |
||
| 245 | 0 | _aTwentieth century interpretations of Henry IV | |
| 260 |
_aEnglewood _bCliffs Prentice Hall _c1968 |
||
| 490 | _a20th century interpretations ed by Maynard Mack | ||
| 650 | _aENGLISH LITERATURE | ||
| 942 |
_hO111,2J64,14:g, K8.2-;1 _cTEXL _2CC |
||
| 999 |
_c158842 _d158842 |
||